[Event "AUTO-ELITE-2543"]
[Site "http://www.queenalice.com/game.php?id=1849811"]
[Date "2025.1.5"]
[Round "2"]
[White "RaulSoft"]
[Black "Caronte"]
[Result "1/2-1/2"]
[WhiteElo "2646"]
[BlackElo "2700"]

1. d4 Nf6 2. c4 g6 3. Nc3 d5 4. Nf3 Bg7 5. cxd5 Nxd5 6. e4 Nxc3 7. bxc3 c5 8.
Be3 Qa5 9. Qd2 O-O 10. Rc1 Rd8 11. d5 e6 12. d6 Qa4 13. e5 Bd7 14. Bg5 Qe4+ 15.
Be2 Nc6 16. Qf4 Qxf4 17. Bxf4 Nb8 18. O-O Bc6 19. Rfe1 Nd7 20. Bd3 b5 21. Be4
Bxe4 22. Rxe4 a5 23. g4 f6 24. exf6 Bxf6 25. Rxe6 Kf7 26. Re2 Re8 27. Be3 Re6
28. Rd2 Ra6 29. Rcd1 b4 30. cxb4 axb4 31. Ng5+ Bxg5 32. Bxg5 h5 33. h3 Re5 34.
f4 Re4 35. gxh5 gxh5 36. f5 Ra3 37. h4 Rf3 38. Rf2 Rxf2 39. Kxf2 Re5 40. f6 Ke6
41. Rd3 Rd5 42. Re3+ Re5 43. Rd3 Rf5+ 44. Ke2 Re5+ 45. Kf2 c4 46. Rd4 Ra5 47.
Rxc4 Rxa2+ 48. Ke3 b3 49. Re4+ Kxd6 50. f7 b2 51. Be7+ Kd5 52. Rb4 Ra8 53. Rxb2
Ke6 54. f8=Q Nxf8 55. Bxf8 Rxf8 56. Ke4 Ra8 57. Rb6+ Kf7 58. Kf5 Ra5+ 59. Kf4
Kg7 60. Re6 Rb5 61. Rc6 Kf7 62. Rh6 Kg7 63. Rc6 Ra5 64. Re6 Rb5 65. Rc6 Kh7 66.
Re6 Kg8 67. Rf6 1/2-1/2

[Event "AUTO-ELITE-2543"]
[Site "http://www.queenalice.com/game.php?id=1849812"]
[Date "2025.1.5"]
[Round "2"]
[White "Caronte"]
[Black "RaulSoft"]
[Result "1/2-1/2"]
[WhiteElo "2740"]
[BlackElo "2653"]

1. d4 d5 2. Bf4 c5 3. e3 cxd4 4. exd4 Nc6 5. c3 Bf5 6. Nd2 e6 7. Ngf3 Bd6 8.
Bxd6 Qxd6 9. Nh4 Nf6 10. Be2 O-O 11. O-O Rfe8 12. Re1 Qc7 13. Nxf5 exf5 14. Nb3
g6 15. Qc2 Re7 16. Bf1 Rae8 17. Rxe7 Rxe7 18. Qc1 Na5 19. Nc5 Nc4 20. Nd3 Kg7
21. g3 h6 22. a4 Qb6 23. Qc2 Re8 24. Bg2 Ne4 25. Re1 Qc6 26. Bf1 Ned2 27. Rd1
Nxf1 28. Kxf1 g5 29. b3 Nd6 30. Nb4 Qc8 31. Nxd5 f4 32. Qd3 Qh3+ 33. Kg1 Qh5 34.
gxf4 Ne4 35. f3 Nf2 36. Kxf2 Qxh2+ 37. Kf1 Qh1+ 38. Kf2 Qh2+ 39. Kf1 Qh1+ 40.
Kf2 Qh2+ 1/2-1/2

[Event "AUTO-ELITE-2556"]
[Site "http://www.queenalice.com/game.php?id=1858102"]
[Date "2025.5.31"]
[Round "2"]
[White "Sexxy_Bunny"]
[Black "Caronte"]
[Result "1-0"]
[WhiteElo "2642"]
[BlackElo "2738"]

1. e4 c5 2. Nf3 Nc6 3. d4 cxd4 4. Nxd4 Nf6 5. Nc3 e6 6. Ndb5 d6 7. Bf4 e5 8. Bg5
a6 9. Na3 b5 10. Nd5 Be7 11. Bxf6 Bxf6 12. c3 Rb8 13. Nc2 Bg5 14. a4 1-0

[Event "AUTO-ELITE-2556"]
[Site "http://www.queenalice.com/game.php?id=1858103"]
[Date "2025.5.31"]
[Round "2"]
[White "Caronte"]
[Black "Sexxy_Bunny"]
[Result "0-1"]
[WhiteElo "2728"]
[BlackElo "2652"]

1. d4 Nf6 2. Bg5 d5 3. e3 c5 4. Bxf6 gxf6 5. dxc5 e6 6. c4 dxc4 7. Nd2 c3 8.
bxc3 Bxc5 9. Qh5 Be7 10. Ngf3 Nc6 11. Rb1 a6 12. Be2 Qa5 13. Qh6 Qf5 0-1

[Event "AUTO-ELITE-2590"]
[Site "http://www.queenalice.com/game.php?id=1860427"]
[Date "2025.7.23"]
[Round "1"]
[White "danielglowinski"]
[Black "Caronte"]
[Result "0-1"]
[WhiteElo "2450"]
[BlackElo "2713"]

1. d4 Nf6 2. c4 e6 3. Nf3 d5 4. e3 c5 5. Nc3 Nc6 6. cxd5 exd5 7. Be2 cxd4 8.
exd4 h6 9. O-O Bd6 10. Be3 O-O 11. Rc1 Be6 12. h3 Ne4 13. Bd3 f5 14. Nb5 Bb8 15.
Re1 a6 16. Nc3 Qf6 17. Qb3 Bd6 18. Nxd5 Qd8 19. Qxb7 Na5 20. Ne7+ Bxe7 21. Qc7
Bxa2 22. Qxd8 Rfxd8 23. Ra1 Bc4 24. Bxe4 fxe4 25. Ne5 Bb4 26. Rxa5 Bxa5 27. Ra1
Bb6 28. Nxc4 Bxd4 29. Ra4 Bxe3 30. Nxe3 Rd2 31. Rxe4 Rxb2 32. Ra4 Rb5 33. Nc4 a5
34. f3 Ra6 35. Kf2 Kf7 36. f4 Ke6 37. Ke3 Rb4 38. Rxb4 axb4 39. Kd3 Ra3+ 40. Kd4
Rg3 41. Nb2 Rxg2 42. Nd3 Rd2 43. h4 g6 44. Ke4 Rc2 45. Ne5 Re2+ 46. Kd4 Rxe5 47.
fxe5 g5 0-1

[Event "AUTO-ELITE-2590"]
[Site "http://www.queenalice.com/game.php?id=1860428"]
[Date "2025.7.23"]
[Round "1"]
[White "Caronte"]
[Black "danielglowinski"]
[Result "1-0"]
[WhiteElo "2700"]
[BlackElo "2418"]

1. e4 e5 2. Nf3 Nc6 3. Bc4 Bc5 4. b4 Bxb4 5. c3 Ba5 6. O-O Nf6 7. d4 exd4 8. Ba3
d6 9. e5 Ng4 10. exd6 cxd6 11. Re1+ Nge5 12. Nxe5 dxe5 13. Nd2 Bxc3 14. Qh5 g6
15. Rxe5+ Be6 16. Qe2 Qf6 17. Rxe6+ fxe6 18. Ne4 Qe5 19. Bd6 Qf5 20. g4 d3 21.
Bxd3 Qd5 22. Bc4 Nd4 23. Qd3 Qc6 24. Rc1 Bb2 25. a4 a6 26. Bb5 Nxb5 27. Rxc6
bxc6 28. axb5 cxb5 29. Qc2 1-0

[Event "AUTO-OPEN-4641"]
[Site "http://www.queenalice.com/game.php?id=1869943"]
[Date "2026.2.27"]
[Round "1"]
[White "Caronte"]
[Black "game"]
[Result "1-0"]
[WhiteElo "2707"]
[BlackElo "1577"]

1. e4 c5 2. f4 Nc6 3. Nf3 d6 4. Bb5 Bd7 5. d3 Nd4 6. Bxd7+ Kxd7 7. O-O Nf6 8. e5
dxe5 9. fxe5 Ng4 10. Nxd4 Nxe5 11. Nf3 Ng4 12. Ng5 Nh6 13. Nxf7 Nxf7 14. Rxf7
Qb6 15. Be3 Qxb2 16. Nd2 Qe5 17. Nc4 Qc3 18. Qg4+ Ke8 19. Nd6+ Kd8 20. Raf1 Qe5
21. Nxb7+ Kc7 22. Bf4 Qxf4 23. Qxf4+ Kxb7 24. Qd6 Kc8 25. Rxf8+ Kb7 26. Qxe7+
Kb6 27. Qd6+ Kb5 28. a4+ Kb4 29. Rb1+ Kxa4 30. Qa6# 1-0

[Event "AUTO-ELITE-2616"]
[Site "http://www.queenalice.com/game.php?id=1870853"]
[Date "2026.3.24"]
[Round "1"]
[White "Caronte"]
[Black "trompmaster"]
[Result "1-0"]
[WhiteElo "2710"]
[BlackElo "2457"]

1. e4 d5 2. exd5 Nf6 3. d4 Bg4 4. f3 Bf5 5. g4 Bg6 6. c4 e6 7. Nc3 exd5 8. g5
Nh5 9. f4 Nc6 10. cxd5 Nb4 11. f5 Bxf5 12. Qxh5 g6 13. Qe2+ Be7 14. Bh3 Bd3 15.
Qf3 Bxg5 16. a3 Nc2+ 17. Kd1 Nxa1 18. Qxd3 O-O 19. Nf3 Bxc1 20. Kxc1 a5 21. Rd1
Nb3+ 22. Kc2 a4 23. Ne5 Qh4 24. Bd7 Qxh2+ 25. Kb1 Nc5 26. Qf3 Nb3 27. Qe3 Na5
28. Nxa4 Kh8 29. Qf3 Qh6 30. Nxf7+ Kg7 31. Rf1 Qh4 32. Nc5 Nc4 33. Qe2 Rxf7 34.
Rxf7+ Kxf7 35. Qxc4 Kf6 36. Qf1+ Kg7 37. Ne6+ Kh8 38. Ba4 Qe7 39. Bb3 Rg8 40.
Qf4 Rg7 41. Qe5 h6 42. Nxg7 Qxe5 43. dxe5 Kxg7 44. d6 cxd6 45. exd6 Kf8 46. a4
Ke8 47. Be6 g5 48. a5 Kd8 49. b4 h5 50. b5 1-0

[Event "AUTO-ELITE-2616"]
[Site "http://www.queenalice.com/game.php?id=1870854"]
[Date "2026.3.24"]
[Round "1"]
[White "trompmaster"]
[Black "Caronte"]
[Result "0-1"]
[WhiteElo "2475"]
[BlackElo "2720"]

1. Nf3 d5 2. c4 d4 3. b4 c5 4. e3 Nf6 5. b5 Qc7 6. g3 e5 7. d3 Bd6 8. Bg2 O-O 9.
O-O h6 10. h3 Be6 11. Nh4 Nbd7 12. f4 dxe3 13. Bxe3 exf4 14. gxf4 Rae8 15. Qf3
b6 16. Nc3 Qd8 17. Rfe1 Bb8 18. Rad1 Ng4 19. Nf5 Nxe3 20. Nxe3 Nf6 21. Ne4 Kh8
22. a4 g6 23. Nxf6 Qxf6 24. Rf1 Rd8 25. Nd5 Bxd5 26. cxd5 Rde8 27. Qf2 Re7 28.
Rde1 Rxe1 29. Qxe1 Qd4+ 30. Kh1 Qxd3 31. Qh4 Kg7 32. f5 Qc3 33. d6 Bxd6 34. Qe1
Qd4 35. Qe4 Qxe4 36. Bxe4 Re8 37. Bc6 Re2 38. Rd1 Bb8 39. fxg6 fxg6 40. Rd8 Be5
41. Bd5 Rd2 42. Kg1 Rd4 43. Rg8+ Kf6 44. Bb3 Bd6 45. Bc2 g5 46. Rg6+ Ke5 47.
Rxh6 c4 48. Rg6 Kf4 49. Re6 Be5 50. Rc6 g4 51. hxg4 Ke3 52. Re6 Rxg4+ 53. Kf1
Kd2 54. Bb1 Bd4 55. Re2+ Kc3 56. Re1 Kb3 57. Ke2 Rg2+ 58. Kf3 Rd2 59. Bg6 Kxa4
60. Rb1 c3 61. Rc1 Kxb5 0-1

[Event "AUTO-ELITE-2623"]
[Site "http://www.queenalice.com/game.php?id=1873958"]
[Date "2026.5.27"]
[Round "1"]
[White "Caronte"]
[Black "trompmaster"]
[Result "1-0"]
[WhiteElo "2723"]
[BlackElo "2438"]

1. e4 d5 2. exd5 Nf6 3. Bb5+ Bd7 4. Bc4 c6 5. dxc6 Bxc6 6. Nf3 Qc7 7. Bb3 e6 8.
O-O Ng4 9. g3 h5 10. d4 h4 11. d5 hxg3 12. hxg3 Bc5 13. Bf4 Bxf2+ 14. Rxf2 Qb6
15. Qd4 Nxf2 16. Kxf2 Qxd4+ 17. Nxd4 Bxd5 18. Bxd5 exd5 19. Nb5 Na6 20. N1c3
Rh2+ 21. Kf3 Rd8 22. Rc1 Nc5 23. g4 Rh7 24. Nxd5 Ne6 25. Nbc7+ Nxc7 26. Nxc7+
Ke7 27. Re1+ Kf8 28. Kg3 Rh8 29. g5 Kg8 30. c4 a6 31. Nd5 Kf8 32. b3 b5 33. Kg4
f6 34. g6 bxc4 35. bxc4 Rd7 36. c5 Rh6 37. Bd6+ Rxd6 38. cxd6 Rxg6+ 39. Kf5 Rg5+
40. Ke6 Rg2 41. d7 1-0